Large scale structures of the universe : (Record no. 203821)
[ view plain ]
| 000 -LEADER | |
|---|---|
| fixed length control field | 01435pam a2200337 a 4500 |
| 001 - CONTROL NUMBER | |
| control field | 000610166 |
| 003 - CONTROL NUMBER IDENTIFIER | |
| control field | AM-YeHGA |
| 005 - DATE AND TIME OF LATEST TRANSACTION | |
| control field | 20250617135616.0 |
| 008 - FIXED-LENGTH DATA ELEMENTS--GENERAL INFORMATION | |
| fixed length control field | 880307s1988 ne a b 111 0 eng d |
| 020 ## - INTERNATIONAL STANDARD BOOK NUMBER | |
| International Standard Book Number | 9027727422 |
| 020 ## - INTERNATIONAL STANDARD BOOK NUMBER | |
| International Standard Book Number | 9027727449 (pbk.) |
| 040 ## - CATALOGING SOURCE | |
| Original cataloging agency | AM-YeHGA |
| 041 0# - LANGUAGE CODE | |
| Language code of text/sound track or separate title | eng |
| 090 ## - LOCALLY ASSIGNED LC-TYPE CALL NUMBER (OCLC); LOCAL CALL NUMBER (RLIN) | |
| -- | 205316 |
| 110 2# - MAIN ENTRY--CORPORATE NAME | |
| Corporate name or jurisdiction name as entry element | International Astronomical Union. |
| Subordinate unit | Symposium |
| Number of part/section/meeting | (130th : |
| Date of meeting or treaty signing | 1987 : |
| Location of meeting | Balatonfured, Hungary) |
| 245 10 - TITLE STATEMENT | |
| Title | Large scale structures of the universe : |
| Remainder of title | Proceedings of the 130th Symposium of the International Astronomical Union, dedicated to the memory of Marc A. Aaronson (1950-1987), held in Balatonfured, Hungary, June 15-20, 1987 / |
| Statement of responsibility, etc. | Ed. by Jean Audouze, Marie-Christine Pelletan, and Alex Szalay. |
| 260 ## - PUBLICATION, DISTRIBUTION, ETC. | |
| Place of publication, distribution, etc. | Dordrecht ; |
| -- | Boston : |
| Name of publisher, distributor, etc. | Kluwer Academic Publishers, |
| Date of publication, distribution, etc. | 1988. |
| 300 ## - PHYSICAL DESCRIPTION | |
| Extent | xxxiv, 619 p. : |
| Other physical details | ill. ; |
| Dimensions | 25 cm. |
| 500 ## - GENERAL NOTE | |
| General note | "International Astronomical Union, Union astronomique internationale." |
| 504 ## - BIBLIOGRAPHY, ETC. NOTE | |
| Bibliography, etc. note | Includes bibliogr. references and indexes. |
| 650 #0 - SUBJECT ADDED ENTRY--TOPICAL TERM | |
| Topical term or geographic name entry element | Cosmology |
| General subdivision | Congresses. |
| 650 #0 - SUBJECT ADDED ENTRY--TOPICAL TERM | |
| Topical term or geographic name entry element | Galaxies |
| General subdivision | Congresses. |
| 650 #0 - SUBJECT ADDED ENTRY--TOPICAL TERM | |
| Topical term or geographic name entry element | Radio astronomy |
| General subdivision | Congresses. |
| 650 #0 - SUBJECT ADDED ENTRY--TOPICAL TERM | |
| Topical term or geographic name entry element | Infrared astronomy |
| General subdivision | Congresses. |
| 600 10 - SUBJECT ADDED ENTRY--PERSONAL NAME | |
| Personal name | Aaronson, Marc A., |
| Dates associated with a name | 1950-1987. |
| 700 1# - ADDED ENTRY--PERSONAL NAME | |
| Personal name | Aaronson, Marc A., |
| Dates associated with a name | 1950-1987. |
| Relationship | edt |
| 700 1# - ADDED ENTRY--PERSONAL NAME | |
| Personal name | Audouze, Jean. |
| Relationship | edt |
| 700 1# - ADDED ENTRY--PERSONAL NAME | |
| Personal name | Pelletan, Marie-Christine. |
| Relationship | edt |
| 700 1# - ADDED ENTRY--PERSONAL NAME | |
| Personal name | Szalay, Sandor, |
| Dates associated with a name | 1909- |
| Relationship | edt |
| 710 2# - ADDED ENTRY--CORPORATE NAME | |
| Corporate name or jurisdiction name as entry element | International Astronomical Union. |
| Withdrawn status | Lost status | Damaged status | Not for loan | Collection | Home library | Current library | Date acquired | Total checkouts | Full call number | Barcode | Date last seen | Price effective from | Koha item type | Public note |
|---|---|---|---|---|---|---|---|---|---|---|---|---|---|---|
| Gulbenkian Individual Collection | Fundamental Scientific Library | Fundamental Scientific Library | 28/12/2016 | Gulb/6845 | FL0078393 | 28/12/2016 | 28/12/2016 | Գրքեր / Books | ILL Non-Circ. |
ՀՀ Գիտությունների ազգային ակադեմիայի հիմնարար գիտական գրադարան = Fundamental Scientific Library of NAS RA
All site content, except where otherwise noted, is licensed under a